000 00514nam a2200217Ia 4500
005 20251020182545.0
008 200515s9999 xx 000 0 und d
082 _a747:71/A90e/6
110 _aEdiciones Atrium
260 _aBarcelona
260 _cs.a.
500 _a1 ejemplar
520 _aProyecto de diseño de interiores de diversos espacios públicos
650 _aBARES
650 _aCAFE
650 _aHOTELES
650 _aLIB
650 _aOFICINAS
650 _aRESTAURANTES
942 _cLIB
999 _c2520
_d2520